RICS Practice Alert - Home Surveys (Record no. 121532)
[ view plain ]
| 000 -LEADER | |
|---|---|
| fixed length control field | 00926nam a22002177a 4500 |
| 008 - FIXED-LENGTH DATA ELEMENTS--GENERAL INFORMATION | |
| fixed length control field | 230602e20233005xxk|||||o|||| 00| 0 eng d |
| 041 ## - LANGUAGE CODE | |
| Language code of text/sound track or separate title | eng |
| 110 ## - MAIN ENTRY--CORPORATE NAME | |
| Corporate author | Royal Institution of Chartered Surveyors |
| 245 ## - TITLE STATEMENT | |
| Title | RICS Practice Alert - Home Surveys |
| Medium | [Email update] |
| 260 ## - PUBLICATION INFORMATION | |
| Place of publication | London, |
| Publisher | Royal Institution of Chartered Surveyors, |
| Date | 30 May 2023 |
| 300 ## - PHYSICAL DESCRIPTION | |
| Physical description | |
| 490 ## - SERIES TITLE | |
| Series statement | RICS Practice Alert |
| 650 ## - KEYWORDS | |
| Keywords | HOME SURVEYS |
| 650 ## - KEYWORDS | |
| Keywords | HOME SURVEY STANDARD |
| 651 ## - SUBJECT ADDED ENTRY--GEOGRAPHIC NAME | |
| Geographic name | United Kingdom |
| 690 ## - BROAD SUBJECT | |
| 9 (RLIN) | 6225 |
| Broad subject | Building surveying |
| 710 ## - ADDED CORPORATE NAME | |
| Added corporate author | Royal Institution of Chartered Surveyors |
| 856 ## - ONLINE RESOURCE | |
| Uniform Resource Identifier | <a href="https://www.rics.org/content/dam/ricsglobal/documents/regulation/RICS%20Practice%20Alert%20-%20UK%20Home%20Surveys.pdf">https://www.rics.org/content/dam/ricsglobal/documents/regulation/RICS%20Practice%20Alert%20-%20UK%20Home%20Surveys.pdf</a> |
| Public note | View the online Practice Update |
| 856 ## - ONLINE RESOURCE | |
| Uniform Resource Identifier | <a href="https://rics.koha-ptfs.co.uk/cgi-bin/koha/opac-retrieve-file.pl?id=818e54bc731ea27491f8891ed81b32b3">https://rics.koha-ptfs.co.uk/cgi-bin/koha/opac-retrieve-file.pl?id=818e54bc731ea27491f8891ed81b32b3</a> |
| Public note | View Practice update as a Word file |
| 942 ## - ADDED ENTRY ELEMENTS (KOHA) | |
| Suppress in OPAC | Do not suppress in OPAC |
| Lost status | Source of classification or shelving scheme | Damaged status | Not for loan | Current library | Shelving location | Date acquired | Total Checkouts | Full call number | Date last seen | Price effective from | Koha item type |
|---|---|---|---|---|---|---|---|---|---|---|---|
| Dewey Decimal Classification | Virtual | Online | 30/05/2023 | 02/06/2023 | 02/06/2023 |